[Event "SLO-ch (Women)"]
[Site "?"]
[Date "1994.??.??"]
[Round "?"]
[White "Ipavec, Petra"]
[Black "Orel, Simona"]
[Result "1-0"]
[WhiteElo "2010"]
[BlackElo "2040"]

1.e4 c5 2.Nf3 e6 3.d4 cxd4 4.Nxd4 a6 5.Nc3 Qc7 6.Be2 Nf6 7.O-O b5 8.Bf3 Bb7
9.e5 Ng8 10.Be3 Nc6 11.Bxc6 dxc6 12.Qh5 g6 13.Qg5 c5 14.Nb3 c4 15.Nd4 Bg7
16.f4 Ne7 17.Rad1 Nd5 18.Nxd5 Bxd5 19.h4 Qe7 20.Qg3 Bh6 21.Rf2 Qb7 22.Rfd2 Rd8
23.Ne2 Rd7 24.Nc3 Bc6 25.Rxd7 Bxd7 26.Bc5 Bf8 27.Qe3 Bc6 28.Qd4 Be7 29.Bxe7 Qxe7
30.Qd6 Qxd6 31.Rxd6 Bb7 32.Rb6 Bc8 33.Ne4 Ke7 34.Nd6 Rd8 35.Rb8 Kd7 36.Nxf7 Rf8
37.Nd6 Kc7 38.Rxc8+ Rxc8 39.Nxc8 Kxc8 40.Kf2 Kc7 41.g4 Kc6 42.Ke3 Kd5 43.c3 a5
44.a3 h5 45.gxh5 gxh5 46.Kf3 Kc5 47.Ke4 b4 48.f5 bxc3 49.bxc3 exf5+ 50.Kxf5  1-0

[Event "SLO-ch (Women)"]
[Site "?"]
[Date "1994.??.??"]
[Round "?"]
[White "Ipavec, Petra"]
[Black "Krmelj, Natasa"]
[Result "0-1"]
[WhiteElo "2010"]
[BlackElo "2035"]

1.e4 c5 2.Nf3 e6 3.d4 cxd4 4.Nxd4 a6 5.Nc3 Qc7 6.Be2 b5 7.a3 Bb7 8.O-O Nf6
9.Qd3 Nc6 10.Nxc6 Bxc6 11.f4 d5 12.exd5 Nxd5 13.Nxd5 Bxd5 14.Be3 Bc5 15.Bxc5 Qxc5+
16.Kh1 O-O 17.Rad1 Rac8 18.c3 g6 19.Qd4 Qc7 20.Qe3 Rfd8 21.a4 bxa4 22.Bxa6 Bxg2+
23.Kxg2 Qc6+ 24.Kg1 Qxa6 25.Rd4 Rxd4 26.Qxd4 Qc4 27.Qf6 Qe2 28.Rf2 Qd1+ 29.Rf1 Qd3
30.Kg2 a3 31.bxa3 Rxc3 32.a4 Rc2+ 33.Rf2 Qe4+ 34.Kg3 Qe3+ 35.Rf3 Qg1+  0-1

[Event "SLO-chT"]
[Site "?"]
[Date "1994.??.??"]
[Round "?"]
[White "Susnik, Matej"]
[Black "Farago, Ivan"]
[Result "0-1"]
[WhiteElo "2195"]
[BlackElo "2515"]

1.e4 c5 2.Nf3 e6 3.d4 cxd4 4.Nxd4 a6 5.Nc3 Qc7 6.Be2 Bb4 7.Qd3 Nf6 8.Bd2 Nc6
9.Nxc6 bxc6 10.O-O Be7 11.Kh1 d5 12.f4 Bb7 13.f5 e5 14.Bg5 O-O 15.Bxf6 Bxf6
16.exd5 cxd5 17.Nxd5 Bxd5 18.Qxd5 Qxc2 19.Bd3 Qxb2 20.Rab1 Qa3 21.Qb3 Qd6
22.Bc4 e4 23.Qb7 e3 24.Bxf7+ Kh8 25.Bh5 Bc3 26.Qb6 Qe5 27.Qe6 Qd4 28.f6 gxf6
29.Qg4 Qxg4 30.Bxg4 Rfe8 31.Be2 Rad8 32.Rbd1 Rd2 33.Rxd2 exd2  0-1

[Event "SLO-chT"]
[Site "?"]
[Date "1994.??.??"]
[Round "?"]
[White "Susnik, Matej"]
[Black "Cacic, Saso"]
[Result "0-1"]
[WhiteElo "2220"]
[BlackElo "2245"]

1.e4 c5 2.Nf3 e6 3.d4 cxd4 4.Nxd4 a6 5.Nc3 d6 6.Be2 b5 7.a3 Bb7 8.f4 Nd7
9.O-O Ngf6 10.Bf3 Qc7 11.Nb3 Rc8 12.Kh1 Be7 13.Be3 O-O 14.g4 Nb6 15.g5 Nfd7
16.Bg2 Rfe8 17.Rf3 Na4 18.Bc1 Nxc3 19.Rxc3 Qb8 20.Rxc8 Rxc8 21.Qe2 Nc5 22.Nxc5 Rxc5
23.Be3 Rc4 24.Bg1 Qa8 25.Re1 d5 26.exd5 Bxd5 27.f5 exf5 28.Bxd5 Qxd5+ 29.Qg2 Qxg2+
30.Kxg2 Rxc2+ 31.Kf3 Kf8 32.Bd4 Bxg5 33.Bc3 g6 34.h3 Bc1 35.Bb4+ Kg7 36.b3  0-1

[Event "Wch U26"]
[Site "Sofia"]
[Date "1994.??.??"]
[Round "3"]
[White "Stangl, Anita"]
[Black "Tomasevic, Tanja"]
[Result "1-0"]
[WhiteElo "2130"]
[BlackElo "2200"]

1.e4 c5 2.Nf3 e6 3.d4 cxd4 4.Nxd4 a6 5.Nc3 Qc7 6.Bd3 Nc6 7.Nde2 Bc5 8.O-O Nf6
9.Bf4 d6 10.Bg5 Ng4 11.Bh4 b5 12.Ng3 Nce5 13.Nh5 f6 14.h3 Nh6 15.Qd2 Ng8
16.Bg3 g6 17.Nf4 h5 18.Be2 h4 19.Bh2 Ne7 20.a3 Kf7 21.b4 Ba7 22.Bxb5 g5 23.Nfe2 Rd8
24.Ba4 Nc4 25.Qc1 Bb7 26.Bb3 Ne5 27.Kh1 Nc4 28.Qe1 Rac8 29.f4 Be3 30.fxg5 Bxg5
31.Bf4 Kg7 32.Nd4 Qd7 33.Bxg5 fxg5 34.Qe2 e5 35.Bxc4 Rxc4 36.Qxc4 d5 37.exd5 Nxd5
38.Nf5+ Kg6 39.Rad1 Rc8 40.Qd4  1-0

[Event "Solin"]
[Site "Solin"]
[Date "1994.??.??"]
[Round "1"]
[White "Matkovic, Tonci"]
[Black "Horvath, Jozsef"]
[Result "1/2-1/2"]
[WhiteElo "2255"]
[BlackElo "2515"]

1.e4 c5 2.Nf3 e6 3.Nc3 a6 4.d4 cxd4 5.Nxd4 Qc7 6.Bd3 Bc5 7.Nb3 Be7 8.Be3 Nf6
9.Na4 Nc6 10.Nb6 Rb8 11.Qe2 O-O 12.f4 d5 13.e5 Nd7 14.Nxd7 Bxd7 15.O-O f6
16.Qh5  1/2-1/2

[Event "St Feliu op"]
[Site "St Feliu"]
[Date "1994.??.??"]
[Round "6"]
[White "Aranda Marin, Cristian"]
[Black "Cacho Reigadas, Sergio"]
[Result "1-0"]
[WhiteElo "2170"]
[BlackElo "2385"]

1.e4 c5 2.Nf3 e6 3.d4 cxd4 4.Nxd4 a6 5.Nc3 Qc7 6.g3 Bb4 7.Bd2 Nf6 8.Bg2 Nc6
9.Nce2 Bc5 10.Nb3 Ba7 11.O-O d6 12.c4 h6 13.Rc1 O-O 14.Bc3 e5 15.Qd3 Be6
16.h3 Nh7 17.g4 Rad8 18.Na1 Ne7 19.b3 Ng6 20.Nc2 h5 21.gxh5 Nh4 22.Ne3 Bxe3
23.Qxe3 f5 24.exf5 Rxf5 25.Be4 Ng5 26.Bxf5 Ngf3+ 27.Kh1 Bxf5 28.Ng1 d5 29.Nxf3 Nxf3
30.Rg1 Nxg1 31.Bxe5 Qd7 32.Rxg1 Re8 33.Qd4 Be4+ 34.Kh2 Re7 35.cxd5 Qf5 36.Bxg7 Kh7
37.Qf6 Qxf6 38.Bxf6 Rf7 39.Bd4 Bxd5 40.Rg6 Rd7 41.Be3 Bf7 42.Rb6 Bd5 43.h6 Bc6
44.Rb4 Rd6 45.Rg4 Rg6 46.Kg3 Bd7 47.Rxg6 Kxg6 48.h4 Bf5 49.Bg5 Kf7 50.Kf4 Ke6
51.Bd8 Bh7 52.Kg5 Kf7 53.f4 Ke6 54.h5 Kd7 55.Kf6 Kxd8 56.Kg7 Ke7 57.Kxh7  1-0

[Event "St Feliu op"]
[Site "St Feliu"]
[Date "1994.??.??"]
[Round "8"]
[White "Garbisu, Unai"]
[Black "Cacho Reigadas, Sergio"]
[Result "1/2-1/2"]
[WhiteElo "2290"]
[BlackElo "2385"]

1.e4 c5 2.Nf3 e6 3.d4 cxd4 4.Nxd4 a6 5.Nc3 Qc7 6.Be2 b5 7.f4 Nc6 8.Bf3 Bb7
9.Nxc6 Bxc6 10.Be3 d6 11.O-O Nf6 12.e5 Nd7 13.exd6 Bxd6 14.Ne4 Be7 15.c3 O-O
16.Qe2 Nf6 17.Bd4 Nxe4 18.Bxe4 Bxe4 19.Qxe4 Bc5 20.Rad1  1/2-1/2

[Event "St Petersburg"]
[Site "St Petersburg"]
[Date "1994.??.??"]
[Round "?"]
[White "Svidler, Peter"]
[Black "Kochyev, Alexander"]
[Result "1-0"]
[WhiteElo "2505"]
[BlackElo "2475"]

1.e4 c5 2.Nf3 e6 3.Nc3 a6 4.d4 cxd4 5.Nxd4 Qc7 6.Be2 Nf6 7.f4 d6 8.Be3 Be7
9.Qd2 b5 10.a3 Bb7 11.Bf3 Nc6 12.f5 Nxd4 13.Bxd4 O-O 14.O-O-O e5 15.Be3 Qc4
16.Bg5 Rfd8 17.Bxf6 Bxf6 18.g4 Be7 19.g5 f6 20.g6 h6 21.Be2 Qc5 22.Nd5 Kf8
23.b4 Qc6 24.Qe3 Rdc8 25.Qb3 Qe8 26.Nb6 d5 27.Nxd5 Rc6 28.Rd2 Rac8 29.Rhd1 Bd8
30.Kb1 Rc4 31.Bxc4 bxc4 32.Qe3 a5 33.Nb6 c3 34.Rd7 Rb8 35.Qc5+ Be7 36.Rxe7  1-0

[Event "St Petersburg"]
[Site "St Petersburg"]
[Date "1994.??.??"]
[Round "?"]
[White "Svidler, Peter"]
[Black "Smagin, Sergey"]
[Result "1-0"]
[WhiteElo "2505"]
[BlackElo "2545"]

1.e4 c5 2.Nf3 e6 3.Nc3 a6 4.d4 cxd4 5.Nxd4 Qc7 6.g3 Bb4 7.Bd2 Nf6 8.Bg2 Nc6
9.Nxc6 bxc6 10.O-O a5 11.f4 Ba6 12.Re1 d6 13.Na4 Bxd2 14.Qxd2 O-O 15.Rad1 Rfd8
16.b3 Rac8 17.h3 d5 18.Nc5 Qb6 19.Qe3 h6 20.Rd2 dxe4 21.Nxe4 Qxe3+ 22.Rxe3 Rxd2
23.Nxd2 Rd8 24.Nf3 Nd5 25.Re5 a4 26.a3 c5 27.f5 Bc8 28.fxe6 Bxe6 29.bxa4 Nc3
30.a5 Rd1+ 31.Kh2 Ra1 32.Rxc5 Ne4 33.Re5 Nd6 34.Nd4 Bc4 35.Rc5 Rxa3 36.Rc6  1-0

[Event "St Petersburg op"]
[Site "St Petersburg"]
[Date "1994.??.??"]
[Round "1"]
[White "Gubanov, Anton"]
[Black "Kharitonov, Andrei Y"]
[Result "1/2-1/2"]
[WhiteElo "2405"]
[BlackElo "2535"]

1.e4 c5 2.Nf3 e6 3.Nc3 a6 4.d4 cxd4 5.Nxd4 Qc7 6.g3 Nf6 7.Bg2 Be7 8.O-O O-O
9.Be3 Nc6 10.Nxc6 bxc6 11.Na4 d5 12.exd5 cxd5 13.c4 Bb7 14.Rc1 dxc4 15.Bf4 e5
16.Bxe5 Qxe5 17.Bxb7 Rad8 18.Qc2 Qh5 19.h4 Rd4 20.Rfe1 Bb4 21.Red1 Rfd8 22.Rxd4 Rxd4
23.Nc3 a5 24.Kg2 Qe5 25.Rd1 g6 26.Bf3 Nd7 27.Rxd4 Qxd4 28.Qe4 Bc5 29.Qxd4 Bxd4
30.Bc6 Ne5 31.Bd5 Kg7 32.Nd1 Nd3 33.Bxc4 Nxb2 34.Nxb2 Bxb2  1/2-1/2

[Event "St Petersburg op"]
[Site "St Petersburg"]
[Date "1994.??.??"]
[Round "2"]
[White "Frolov, Denis"]
[Black "Ionov, Sergey"]
[Result "0-1"]
[WhiteElo "2315"]
[BlackElo "2505"]

1.e4 c5 2.Nf3 e6 3.d4 cxd4 4.Nxd4 a6 5.Nc3 Qc7 6.Bd3 Nc6 7.Be3 b5 8.Nxc6 Qxc6
9.O-O Bb7 10.Qe2 Nf6 11.Bg5 Be7 12.Rae1 b4 13.Nb1 h6 14.Bc1 O-O 15.f4 d5
16.e5 Ne4 17.Nd2 Qb6+ 18.Kh1 Bh4 19.Bxe4 Bxe1 20.Bd3 Bxd2 21.Bxd2 a5 22.f5 exf5
23.Rxf5 Ba6 24.Rf6 Bxd3 25.Qxd3 gxf6 26.Qg3+ Kh7 27.Bxh6 Rg8 28.Qh4 Kg6 29.Bf8 Kf5
30.g3  0-1

[Event "St Petersburg op2"]
[Site "St Petersburg"]
[Date "1994.??.??"]
[Round "6"]
[White "Lukin, Andrei M"]
[Black "Ionov, Sergey"]
[Result "1/2-1/2"]
[WhiteElo "2425"]
[BlackElo "2530"]

1.e4 c5 2.Nf3 e6 3.d4 cxd4 4.Nxd4 a6 5.Nc3 Qc7 6.Be2 b5 7.O-O Bb7 8.Re1 Nc6
9.Nxc6 dxc6 10.e5 c5 11.Bf3 Ne7 12.Bxb7 Qxb7 13.a4 Rd8 14.Qg4 Nf5 15.axb5 axb5
16.Bg5 Rd4 17.Qe2 h6 18.Qxb5+ Qxb5 19.Nxb5 hxg5 20.Nxd4 Nxd4 21.Ra8+ Kd7
22.c3 Nc6 23.b4 cxb4 24.cxb4 Kc7 25.b5 Kb7 26.Re8 Ne7 27.Rd1 Nd5 28.Ra1 Nc7
29.Rd8 g6 30.b6 Na6 31.Rd7+ Kxb6 32.Rxf7 Bc5 33.Rf6 Nc7 34.Rxg6 Rf8 35.Rf6 Rd8
36.g3 Rd2 37.Re1 Kc6 38.h4 gxh4 39.gxh4 Be7 40.Rf4 Nd5 41.Rc4+ Kd7 42.h5 Rd3
43.Kg2 Bg5 44.Ree4 Ra3 45.Ra4 Rxa4 46.Rxa4 Ke8 47.Kf3 Kf7 48.Kg4  1/2-1/2

[Event "St Petersburg op2"]
[Site "St Petersburg"]
[Date "1994.??.??"]
[Round "7"]
[White "Sivokho, Sergey"]
[Black "Poluljahov, Aleksandr"]
[Result "0-1"]
[WhiteElo "2405"]
[BlackElo "2485"]

1.e4 c5 2.Nc3 e6 3.Nf3 a6 4.d4 cxd4 5.Nxd4 Qc7 6.g3 Nf6 7.Bg2 d6 8.O-O Be7
9.Re1 O-O 10.Be3 Nc6 11.Nxc6 bxc6 12.Na4 Rb8 13.c4 c5 14.Rb1 Bb7 15.Bd2 Nd7
16.f4 Rbd8 17.Bc3 Bc6 18.Re2 Rfe8 19.Kh1 Nf6 20.Qc2 Nd7 21.Rd1 Nb8 22.Red2 Bb7
23.e5 Bxg2+ 24.Kxg2 dxe5 25.Bxe5 Qc6+ 26.Kf2 Rxd2+ 27.Rxd2 Nd7 28.Rd1 Nf6
29.Bxf6 Bxf6 30.g4 Bh4+ 31.Ke3 e5 32.f5 Qh6+ 33.Ke2 Qf4 34.Rf1 Qxg4+ 35.Ke3 Rd8  0-1

[Event "Stockholm op"]
[Site "Stockholm"]
[Date "1994.??.??"]
[Round "?"]
[White "Ostergaard, Dan"]
[Black "Ornstein, Axel"]
[Result "1/2-1/2"]
[WhiteElo "2245"]
[BlackElo "2430"]

1.e4 c5 2.Nf3 e6 3.d4 cxd4 4.Nxd4 a6 5.Nc3 Ne7 6.g3 Nec6 7.Nb3 Be7 8.Bg2 O-O
9.O-O b5 10.Nd5 exd5 11.exd5 Bf6 12.dxc6 dxc6 13.Qxd8 Rxd8 14.c3 a5 15.Be3 a4
16.Nd4 a3 17.bxa3 Rxa3 18.Nxc6 Nxc6 19.Bxc6 Ba6 20.Bd4 Bxd4 21.cxd4 Rxd4
22.Rfd1 Rxd1+ 23.Rxd1 g6 24.Rb1 Rxa2 25.Bxb5  1/2-1/2

[Event "Stockholm op"]
[Site "Stockholm"]
[Date "1994.??.??"]
[Round "?"]
[White "Ostergaard, Dan"]
[Black "Agrest, Evgenij"]
[Result "0-1"]
[WhiteElo "2245"]
[BlackElo "2475"]

1.e4 c5 2.Nf3 e6 3.d4 cxd4 4.Nxd4 a6 5.Nc3 d6 6.Bc4 Nf6 7.Bb3 b5 8.f4 Be7
9.O-O Bb7 10.Be3 b4 11.Na4 Bxe4 12.Bxe6 fxe6 13.Nxe6 Qd7 14.Nxg7+ Kf7 15.Nb6 Qg4
16.Qxg4 Nxg4 17.Nxa8 Nxe3 18.Rfe1 d5  0-1

[Event "Stockholm op2"]
[Site "Stockholm"]
[Date "1994.??.??"]
[Round "2"]
[White "Ansell, Simon"]
[Black "Webster, Andrew"]
[Result "1-0"]
[WhiteElo "2280"]
[BlackElo "2395"]

1.e4 c5 2.Nf3 e6 3.Nc3 a6 4.d4 cxd4 5.Nxd4 Qc7 6.Bd3 Nf6 7.O-O b5 8.a3 Bc5
9.Nb3 Be7 10.Qe2 d6 11.f4 Bb7 12.Bd2 Nc6 13.Rae1 O-O 14.Nd1 Rad8 15.Nf2 Rfe8
16.Bc3 g6 17.Ng4 Nxg4 18.Qxg4 Bf8 19.f5 Ne5 20.Qh3 Rc8 21.Nd4 Qb6 22.Kh1 Rxc3
23.bxc3 Bg7 24.fxe6 fxe6 25.Nf3 Nf7 26.c4 Qc5 27.cxb5 axb5 28.e5 d5 29.Qh4 Bc6
30.Qb4 Qa7 31.Bxb5 Bf8 32.Qb3 Bxb5 33.Qxb5 Rc8 34.a4 Rxc2 35.Qe8 Qe7 36.Qxe7 Bxe7
37.a5 Bb4 38.Ra1 Bc3 39.Ra4 Nxe5 40.Nxe5 Bxe5 41.a6 Rc8 42.a7 Ra8 43.Re1 Bd6
44.Rxe6 Bc5 45.Rc6 Be3 46.Rc7 d4 47.Rb4  1-0

[Event "Stockholm op2"]
[Site "Stockholm"]
[Date "1994.??.??"]
[Round "6"]
[White "Soares, Cesar"]
[Black "Milos, Gilberto"]
[Result "1/2-1/2"]
[WhiteElo "2305"]
[BlackElo "2565"]

1.e4 c5 2.Nf3 e6 3.d4 cxd4 4.Nxd4 a6 5.Nc3 Qc7 6.Bd3 Nc6 7.Be3 Nf6 8.O-O Ne5
9.Bf4 d6 10.Nb3 b5 11.a4 b4 12.Na2 Rb8 13.Qe2 Be7 14.Bg3 O-O 15.f4 Nxd3 16.cxd3 a5
17.Nd4 Bd7 18.Nc1 Rfc8 19.Ncb3 Be8 20.Kh1 Qd8 21.Nd2 Nd7 22.Nc4 Nc5 23.f5 e5
24.f6 Bxf6 25.Rxf6 Qxf6 26.Rf1 Qd8 27.Nf5 f6 28.Ncxd6 Rc6 29.Nxe8 Qxe8 30.d4 Nd7  1/2-1/2

[Event "CZE-ch U16"]
[Site "Svetla"]
[Date "1994.??.??"]
[Round "?"]
[White "Jirovsky, Petr"]
[Black "Kubala, Petr"]
[Result "0-1"]
[WhiteElo "2245"]
[BlackElo "2245"]

1.e4 c5 2.Nf3 e6 3.d4 cxd4 4.Nxd4 a6 5.Nc3 b5 6.a3 d6 7.Be2 Nf6 8.O-O Bb7
9.Bd3 Nbd7 10.f4 Nc5 11.Qf3 g6 12.Be3 Bg7 13.g4 O-O 14.g5 Nfd7 15.Nde2 d5
16.exd5 Nxd3 17.cxd3 Nb6 18.Bd4 Nxd5 19.Nxd5 Bxd5 20.Qe3 Bxd4 21.Qxd4 e5
22.fxe5 Qxg5+ 23.Ng3 Rfd8 24.Qf4 Qxf4 25.Rxf4 Rac8 26.a4 Rc2 27.axb5 axb5
28.Rf2 Bb3 29.Ra5 Rxd3 30.Rxc2 Bxc2 31.Rxb5 Rd1+ 32.Kg2 Rd2+ 33.Kh3 Kf8 34.Rb7 h6
35.Rc7 Bb3 36.Ne4 Rd3+ 37.Ng3 Be6+ 38.Kg2 Rd2+ 39.Kg1 Rxb2 40.Rc5 Rb1+ 41.Kg2 Rb2+
42.Kg1 Kg7 43.Ne4 Bh3 44.Rc3 Rg2+ 45.Kh1 Re2 46.Rxh3 Rxe4 47.Ra3 Rxe5 48.Kg2 Re4
49.Kf3 Rb4 50.Ra6 h5 51.Kg3 Rb3+ 52.Kg2 Re3 53.Kf2 Re6 54.Ra5 Kf6 55.Kf3 Re5
56.Ra7 g5 57.Rb7 Ra5 58.Rc7 Ra3+ 59.Kg2 Kg6 60.Rc5 f6 61.Rb5 g4 62.Kg1 h4
63.Kg2 f5 64.Rb6+ Kg5 65.Rb4 h3+ 66.Kg1 Ra1+ 67.Kf2 Rh1  0-1

[Event "SVK-chT"]
[Site "?"]
[Date "1994.??.??"]
[Round "?"]
[White "Betko, Lubomir"]
[Black "Petrik, Stanislav"]
[Result "1-0"]
[WhiteElo "2130"]
[BlackElo "2285"]

1.e4 c5 2.Nf3 e6 3.d4 cxd4 4.Nxd4 a6 5.Nc3 Ne7 6.Be3 Nbc6 7.Nb3 g6 8.Qd2 Bg7
9.h4 h5 10.O-O-O b5 11.f4 b4 12.Na4 Rb8 13.Qf2 Qc7 14.Bb6 Qb7 15.Nbc5 Qa8
16.Bc7 Rb5 17.Nb6 Qa7 18.Bxb5 axb5 19.Nxc8 Nxc8 20.Be5 Nxe5 21.fxe5 Qxa2
22.Rxd7 O-O 23.Rf1 Bh6+ 24.Kd1 Nb6 25.Rd3 Nc4 26.Ke2 Qxb2 27.Rfd1 Qxc2+ 28.Ke1 b3
29.Nxb3 Qxf2+ 30.Kxf2 Nxe5 31.Rd8 Ng4+ 32.Kg1 Be3+ 33.Kf1 Bf2 34.Ke2 Bxh4
35.Rxf8+ Kxf8 36.Nd4 b4 37.Rb1 Be7 38.Nb3 Ne5 39.Rc1 g5 40.Rc7 h4 41.Nd4 g4
42.Nb3 h3 43.Rc8+ Kg7 44.gxh3 gxh3 45.Rc1 Ng6 46.Kf3 h2 47.Nd4 Bf6 48.Ne2 b3
49.Kg2 b2 50.Rd1 Be5 51.Rf1 Nf4+ 52.Nxf4 Bxf4 53.Rb1 Bc1 54.Kxh2 Kf6  1-0

[Event "SVK-chT"]
[Site "?"]
[Date "1994.??.??"]
[Round "10"]
[White "Janko, Ladislav"]
[Black "Pikulik, Martin"]
[Result "1-0"]
[WhiteElo "2155"]
[BlackElo "2150"]

1.e4 c5 2.Nf3 e6 3.d4 cxd4 4.Nxd4 a6 5.Nc3 Qc7 6.g3 b5 7.Bg2 Bb7 8.O-O b4
9.Nce2 Nf6 10.Re1 Bxe4 11.Bxe4 Nxe4 12.Nf4 Nf6 13.Nf5 Nc6 14.Nd3 Rd8 15.Bf4 d6
16.Qf3 Qb6 17.Bg5 Rg8 18.Rad1 Qb5 19.h4 Rd7 20.Nxg7+ Bxg7 21.Bxf6 Bxf6 22.Qxf6 Qc4
23.Nf4 Qc5 24.Nxe6 Rxg3+ 25.Kh2 fxe6 26.Rxe6+ Re7 27.Kxg3 Rxe6 28.Qxe6+ Ne7
29.Re1 d5 30.Qg8+ Kd7 31.Qxh7 d4 32.Qxe7+ Qxe7 33.Rxe7+ Kxe7 34.Kf4  1-0

[Event "SWE-chT 9394"]
[Site "SWE"]
[Date "1994.??.??"]
[Round "5"]
[White "Sanden, Stefan"]
[Black "Astrom, Robert"]
[Result "0-1"]
[WhiteElo "2340"]
[BlackElo "2305"]

1.e4 c5 2.Nf3 e6 3.d4 cxd4 4.Nxd4 a6 5.Nc3 Qc7 6.Bd3 Nf6 7.O-O Nc6 8.Nxc6 bxc6
9.Qe2 d6 10.Kh1 Be7 11.f4 d5 12.b3 O-O 13.Bb2 Re8 14.Rae1 Bb7 15.e5 Nd7 16.Rf3 g6
17.Nd1 c5 18.Rh3 c4 19.bxc4 dxc4 20.Bxc4 Rec8 21.Ne3 Bc5 22.Bb3 Bxe3 23.Qxe3 Qc6
24.Rg1 Qe4 25.Qf2 Nc5 26.Re3 Qf5 27.Re2 a5 28.Ba3 Ne4 29.Rxe4 Qxe4 30.Re1 Qc6
31.f5 a4 32.fxe6 Qxg2+ 33.Qxg2 Bxg2+ 34.Kxg2 axb3 35.exf7+ Kxf7 36.e6+ Kg8
37.Bb2 bxc2 38.e7 Re8 39.a3 Rac8 40.Kf3 Kf7  0-1

[Event "SWE-chT 9394"]
[Site "SWE"]
[Date "1994.??.??"]
[Round "8"]
[White "Schneider, Lars Ake"]
[Black "Cramling, Pia"]
[Result "1/2-1/2"]
[WhiteElo "2455"]
[BlackElo "2525"]

1.e4 c5 2.Nf3 e6 3.d4 cxd4 4.Nxd4 a6 5.Nc3 Qc7 6.Be2 b5 7.f4 Bb7 8.Bf3 Nc6
9.Nxc6 Qxc6 10.O-O Rc8 11.Kh1 Qc4 12.e5 Bxf3 13.Qxf3 Ne7 14.Bd2 Nf5 15.Qb7 Qc6
16.Qxc6 Rxc6 17.Rac1 h5 18.Ne4 Be7 19.c3 O-O 20.Rf3 Rd8 21.Kg1 d5 22.exd6 Bxd6
23.Rd3 Bc7 24.Rxd8+ Bxd8 25.Kf1 Rc4 26.Nf2 Bb6 27.Ke2 f6 28.a3 Kf7 29.Rd1 Ke7
30.g3 a5 31.Kf3 Nd6 32.Be3 Bxe3 33.Kxe3 Rc6 34.Ke2 Nc4 35.Nd3 a4 36.Rb1 e5
37.fxe5 fxe5 38.Nf2 Ke6 39.Ne4 Kf5 40.Nd2 Nd6 41.h3 Rc8 42.g4+ hxg4 43.hxg4+ Kg5
44.Rd1 Kf6 45.Nf3 Nc4 46.Rd5 Rb8 47.Rc5 Ke6 48.Ng5+ Kd6 49.Ne4+ Kd7 50.Nd2 Nxd2
51.Rd5+ Ke6 52.Rxd2 Rh8 53.Kf3 Rh1 54.Kg2 Rb1 55.Kf3 g5 56.Ke3 Rg1 57.Kf3 Rf1+
58.Ke3 Rg1 59.Kf3 e4+ 60.Kxe4 Rxg4+ 61.Kf3 Rf4+ 62.Kg3 Rc4 63.Rd8 Rc5 64.Kg4 Rd5  1/2-1/2

[Event "SWE-chT 9394"]
[Site "SWE"]
[Date "1994.??.??"]
[Round "8"]
[White "Kinnmark, Ove"]
[Black "Cramling, Dan"]
[Result "1-0"]
[WhiteElo "2365"]
[BlackElo "2420"]

1.e4 c5 2.Nf3 e6 3.Nc3 a6 4.d4 cxd4 5.Nxd4 d6 6.g3 Nc6 7.Bg2 Bd7 8.O-O Nf6
9.Nde2 Be7 10.h3 b5 11.a3 h5 12.Bg5 Ne5 13.Qd4 Rc8 14.Rfd1 Qc7 15.b3 Bc6
16.Qe3 Bb7 17.Qd2 Ned7 18.Bf4 Ne5 19.Ra2 O-O 20.Qe3 Rfd8 21.Nb1 Ng6 22.Bg5 d5
23.Bxf6 Bxf6 24.exd5 Bxd5 25.Bxd5 Rxd5 26.Rxd5 exd5 27.h4 Ne5 28.c3 Qd7 29.Nf4 Qf5
30.Ra1 d4 31.cxd4 Ng4 32.Qe1 Bxd4 33.Ra2 Rc2 34.Rxc2 Qxc2 35.Nh3 Nxf2 36.Qe8+ Kh7
37.Ng5+ Kg6 38.Qxf7+ Kh6 39.Qe6+ Bf6 40.Nf7+ Kh7 41.Ng5+ Bxg5 42.hxg5 Ne4
43.Qf5+ Kg8 44.Qe6+ Kf8 45.Qf5+ Ke7 46.Qe5+ Kd8 47.Qd5+ Kc7 48.Qe5+ Kc6 49.Qe6+ Nd6
50.Qe1 Ne4 51.a4 b4 52.Nd2 Nxd2 53.Qe6+ Kb7 54.Qd7+ Qc7 55.Qxd2 Qxg3+ 56.Kh1 Qc3
57.Qd7+ Qc7 58.Qd4 a5 59.g6 h4 60.Qd3 Qe5 61.Qd7+ Kb6 62.Qd8+ Qc7 63.Qd4+ Kb7
64.Qd3 Qc6+ 65.Kh2 Kc7 66.Qe3 Qc2+ 67.Kh1 Qb1+ 68.Kh2 Qb2+ 69.Kh1 Kc6 70.Qe6+ Kc5
71.Qe7+ Kd5 72.Qxh4 Qb1+ 73.Kh2 Qe4 74.Qd8+ Ke6 75.Qxa5 Qc2+ 76.Kh1 Qxb3
77.Qb6+ Kf5 78.a5 Qd5+ 79.Kh2 b3 80.a6 Qe5+ 81.Kh1 b2 82.a7 Qe4+ 83.Kh2 Qh4+
84.Kg2 Qe4+  1-0

[Event "Wch U18"]
[Site "Szeged"]
[Date "1994.??.??"]
[Round "4"]
[White "Ulfarsson, Magnus Orn"]
[Black "Nguyen Anh Dung"]
[Result "0-1"]
[WhiteElo "2250"]
[BlackElo "2345"]

1.e4 c5 2.Nf3 e6 3.d4 cxd4 4.Nxd4 a6 5.Nc3 Qc7 6.g3 Bb4 7.Qd3 Nc6 8.Nxc6 Qxc6
9.Qd4 Bxc3+ 10.bxc3 f6 11.Bg2 e5 12.Qe3 d6 13.Ba3 Nh6 14.O-O Be6 15.Rfd1 Nf7
16.f4 O-O 17.Bf1 Rfc8 18.f5 Bc4 19.Bxc4 Qxc4 20.Bxd6 Qxc3 21.Qxc3 Rxc3 22.Bb4 Rxc2
23.Rd7 Ng5 24.Rad1 Nf3+ 25.Kf1 Nxh2+ 26.Kg1 Nf3+ 27.Kf1 Nd4 28.Rxb7 Rxa2
29.Bc5 Rc8 30.Bxd4 exd4 31.Rd7 h5 32.R7xd4 Rcc2 33.R1d3 a5 34.Ke1 Rh2 35.Rd2 Raxd2
36.Rxd2 Rxd2 37.Kxd2 Kf7  0-1

[Event "ISR-ch"]
[Site "Tel Aviv"]
[Date "1994.??.??"]
[Round "4"]
[White "Tseitlin, Mark D"]
[Black "Soffer, Ram"]
[Result "0-1"]
[WhiteElo "2465"]
[BlackElo "2515"]

1.e4 c5 2.Nf3 e6 3.Nc3 a6 4.d4 cxd4 5.Nxd4 Nc6 6.Be3 Qc7 7.Bd3 Nf6 8.O-O Nxd4
9.Bxd4 Bc5 10.Bxf6 gxf6 11.Qg4 Kf8 12.Kh1 h5 13.Qh4 Be7 14.f4 b5 15.Rae1 Bb7
16.f5 Qe5 17.a4 Bc6 18.a5 Re8 19.Nd1 Bd8 20.c3 Kg7 21.b4 Reg8 22.c4 Be7 23.c5 Kf8
24.Ne3 Qd4 25.Bb1 Qxb4 26.fxe6 dxe6 27.Qf4 Qd4 28.Qc7 Qd7 29.Qb8+ Qd8 30.Qa7 Qa8
31.Qc7 Qb7 32.Qf4 Rg5 33.Nc2 Rg4 34.Qd2 Rxe4 35.Rxe4 Bxe4 36.Nd4 Bd5 37.Rc1 Qc7
38.Ba2 Bxa2 39.Qxa2 Rg8 40.c6 Rg4 41.Qd2 Bd6 42.Rd1 Ke7 43.Qe3 Rg5 44.Rf1 Be5
45.Nf3 Bf4 46.Qb6 Qxb6 47.axb6 Rc5 48.g3 Rxc6 49.gxf4 Rxb6 50.Ra1 b4 51.Nd2 b3
52.Kg2 b2 53.Re1 Rc6 54.Kf2 Rc1 55.Nb1 a5 56.Ke2 a4 57.Kd2 Rxb1  0-1

[Event "Terrassa op"]
[Site "Terrassa"]
[Date "1994.??.??"]
[Round "5"]
[White "Molina Morena, Antonio"]
[Black "Vidarte Morales, Arturo"]
[Result "0-1"]
[WhiteElo "2165"]
[BlackElo "2385"]

1.e4 c5 2.Nf3 e6 3.d4 cxd4 4.Nxd4 a6 5.Nc3 Qc7 6.g3 Nc6 7.Nde2 b5 8.a3 Bb7
9.Bg2 Nf6 10.O-O Bc5 11.Bf4 Ne5 12.Nc1 d6 13.Nd3 Bd4 14.Ne2 Bb6 15.Nc3 O-O
16.Bg5 Nfd7 17.Qe2 Rac8 18.Rac1 Rfe8 19.Nd1 Nc4 20.c3 h6 21.Bf4 e5 22.Be3 Nf6
23.Bxb6 Qxb6 24.Re1 d5 25.exd5 e4 26.Nf4 Ne5 27.Rf1 g5 28.Nh5 Nf3+ 29.Bxf3 exf3
30.Qxf3 Nxh5 31.Qxh5 Bxd5 32.h4 Bc4 33.hxg5 Bxf1 34.Kxf1 Qc5 35.Ne3 Qxg5
36.Qf3 Rcd8 37.Rc2 Rd3 38.Re2 Re6 39.g4 Qe5 40.Qa8+ Re8 41.Qxa6 Qe4 42.Re1 Qh1+
43.Ke2 Rdxe3+  0-1

[Event "Ticino op"]
[Site "Ticino"]
[Date "1994.??.??"]
[Round "5"]
[White "Berset, Philippe"]
[Black "Cvitan, Ognjen"]
[Result "0-1"]
[WhiteElo "2215"]
[BlackElo "2585"]

1.e4 c5 2.Nf3 e6 3.Nc3 a6 4.d4 cxd4 5.Nxd4 Qc7 6.g3 Bb4 7.Ne2 Be7 8.Bg2 Nf6
9.O-O Nc6 10.h3 O-O 11.g4 h6 12.Ng3 d6 13.g5 hxg5 14.Bxg5 b5 15.Nh5 Nxh5
16.Qxh5 Bb7 17.Rad1 Rac8 18.Kh1 g6 19.Qh6 Bxg5 20.Qxg5 Kg7 21.Ne2 Rh8 22.Qg3 e5
23.f4 exf4 24.Qxf4 Rcd8 25.Qf6+ Kg8 26.Nf4 Qe7 27.Qxe7 Nxe7 28.e5 Bxg2+ 29.Kxg2 Nf5
30.Rfe1 Kg7 31.exd6 Rxd6 32.Rxd6 Nxd6 33.Nd3 Rc8 34.Re2 f5 35.c3 Ne4 36.Nf2 Nxf2
37.Kxf2 Kf6 38.Rd2 Ke5 39.Kf3 Rc4 40.Re2+ Kf6 41.Rd2 a5 42.Rd5 b4 43.cxb4 axb4
44.Rd2 Kg5 45.Rg2+ Kh5 46.Rd2 Kh4 47.Rd8 Kg5 48.Rb8 Rf4+ 49.Kg3 Rd4 50.b3 Re4
51.Rb7 Kh6 52.Rb6 Kh5 53.Rb8 Kh6 54.Rb6 Rd4 55.Rb5 Kh5 56.Rb8 g5 57.Rh8+ Kg6
58.Rb8 Rd3+ 59.Kg2 Rd2+ 60.Kf3 Rh2  0-1

[Event "Tomo Zupan op"]
[Site "Tomo Zupan"]
[Date "1994.??.??"]
[Round "?"]
[White "Rogelj, T."]
[Black "Slibar, Matjaz"]
[Result "0-1"]
[WhiteElo "1975"]
[BlackElo "2250"]

1.e4 c5 2.Nf3 e6 3.d4 cxd4 4.Nxd4 a6 5.Nc3 b5 6.Be3 Bb7 7.f3 Qc7 8.a3 Nf6
9.Bd3 d5 10.exd5 Nxd5 11.Nxd5 Bxd5 12.Qd2 Nd7 13.O-O Bd6 14.g3 O-O 15.Qf2 Ne5
16.Be2 Nc4 17.Bxc4 Bxc4 18.Rfd1 Rfe8 19.Ne2 Bd5 20.Nc3 Bb7 21.Rd3 Qc6 22.Ne4 Be5
23.Bd4 Bxd4 24.Rxd4 Rad8 25.Rad1 Rxd4 26.Rxd4 Rf8 27.Kg2 h6 28.c3 Qc7 29.Qe3 Bd5
30.Nd2 Rc8 31.Kf2 Qc6 32.Rg4 Kh8 33.Qf4 Qc7 34.Qxc7 Rxc7 35.Ne4 Bb7 36.Ke3 f5  0-1

[Event "Velden op"]
[Site "Velden"]
[Date "1994.??.??"]
[Round "3"]
[White "Tolnai, Tibor"]
[Black "Schirmbeck, Hannes"]
[Result "1-0"]
[WhiteElo "2520"]
[BlackElo "2175"]

1.e4 c5 2.Nf3 e6 3.d4 cxd4 4.Nxd4 a6 5.Nc3 Qc7 6.f4 Nc6 7.Nxc6 dxc6 8.e5 Bb4
9.Bd2 Ne7 10.Ne4 Bxd2+ 11.Qxd2 O-O 12.O-O-O c5 13.Qd6 Nd5 14.Rxd5  1-0

[Event "Villa Ballester op"]
[Site "Villa Ballester"]
[Date "1994.??.??"]
[Round "6"]
[White "Rodriguez, Andres"]
[Black "Quinteros, Miguel A"]
[Result "1-0"]
[WhiteElo "2350"]
[BlackElo "2510"]

1.e4 c5 2.Nf3 e6 3.d4 cxd4 4.Nxd4 a6 5.Nc3 Qc7 6.g3 Bb4 7.Ne2 Nf6 8.Bg2 Be7
9.Nf4 b5 10.Qe2 Bb7 11.Be3 O-O 12.O-O Nc6 13.Nd3 Na5 14.Bf4 d6 15.a4 Qc4
16.axb5 axb5 17.Bd2 b4 18.b3 Qd4 19.Nxb4 Qxb4 20.Nd5 Nxd5 21.Bxb4 Nxb4 22.Qb5 Nbc6
23.b4 Ba6 24.Qa4 Bxf1 25.Rxf1 Rfc8 26.bxa5 Rxa5 27.Qb3 Rc5 28.Qb7 Rb8 29.Qc7 Kf8
30.Ra1 Ke8 31.Bf1 Rb2 32.Ra8+ Nd8 33.Qa7 Rb4 34.Ba6 Re5 35.Bd3 Rc5 36.Qa3 Rb7
37.Qa6 Rb4 38.Qa3 Rb6  1-0